000 00509nam a2200181Ia 4500
999 _c14447
_d14447
003 OSt
005 20230916161205.0
008 190216s9999||||xx |||||||||||||| ||und||
020 _a9780143068723
040 _coclc
082 _a824.92
_bGHO/D
100 1 _aGhosh, Amitav,
_d1956-
_95412
245 0 _aDancing In Cambodia /
_cAmitav Ghosh
260 _bPenguin Books,
_c2008.
_aNew zealand:
300 _a126p
650 _aEnglish
942 _cBK
_2ddc
_h824.92
_iGHO/D
_k824.92
_mGHO/D